000 00532nam a2200205 a 4500
999 _c4378
_d4378
001 4378
003 BD-JhCC
005 20171129120447.0
008 171126s1962 b ||||| |||| 00| 0 eng d
035 _a(BD-JhCC)
040 _aBD-JhCC
_dBD-JhCC
041 _aeng
082 _a907.2
_bTOY 1962
100 _aj. Toynbee, Arnold
245 _aA Study of History /
_cArnold j. Toynbee
260 _aLondon :
_bOxford University press,
_c1962
300 _a633 p. :
_c22cm.
650 _aHistory
_xStudy snd teaching
942 _2ddc
_cBK